PPP and risk management (Record no. 73048)
[ view plain ]
| 000 -LEADER | |
|---|---|
| fixed length control field | 01317cam a2200241 4500 |
| 001 - CONTROL NUMBER | |
| control field | ABS66902 |
| 008 - FIXED-LENGTH DATA ELEMENTS--GENERAL INFORMATION | |
| fixed length control field | 030715n2003 000 0 eng u |
| 035 ## - SYSTEM CONTROL NUMBER | |
| System control number | (Sirsi) u123012 |
| 100 ## - MAIN ENTRY--PERSONAL NAME | |
| Personal name | O'Donnell, P. |
| 245 ## - TITLE STATEMENT | |
| Title | PPP and risk management |
| 260 ## - PUBLICATION, DISTRIBUTION, ETC. | |
| Date of publication, distribution, etc. | 2003 |
| 490 ## - SERIES STATEMENT | |
| Series statement | Building Economist |
| Volume/sequential designation | June 2003, 17-23(7) |
| 520 ## - SUMMARY, ETC. | |
| Summary, etc. | Discusses risk and risk valuation on PPP projects looking at the key issues. Transfer of risk to the private sector has been identified as the major component of value improvement in PPP. Therefore the valuation of risk is critically important in determining the Public Sector Comparator (PSC) and then in assessing the relative merits of bids received, compared to the alternative of traditional public procurement. Discusses simplistic methods for risk valuation proposed for use in the PPP literature and questions their validity as they may undervalue risk. Recommends using the whole probability distribution based on historical data where possible to value risk. |
| 590 ## - LOCAL NOTE (RLIN) | |
| Local note | ABS |
| 650 ## - SUBJECT ADDED ENTRY--TOPICAL TERM | |
| Topical term or geographic name entry element | PUBLIC PRIVATE PARTNERSHIPS |
| 650 ## - SUBJECT ADDED ENTRY--TOPICAL TERM | |
| Topical term or geographic name entry element | RISK VALUATION |
| 650 ## - SUBJECT ADDED ENTRY--TOPICAL TERM | |
| Topical term or geographic name entry element | RISK MANAGEMENT |
| 650 ## - SUBJECT ADDED ENTRY--TOPICAL TERM | |
| Topical term or geographic name entry element | VALUATION METHODS |
| 650 ## - SUBJECT ADDED ENTRY--TOPICAL TERM | |
| Topical term or geographic name entry element | PUBLIC SECTOR COMPARATORS |
| 650 ## - SUBJECT ADDED ENTRY--TOPICAL TERM | |
| Topical term or geographic name entry element | PUBLIC PROCUREMENT |
| 690 ## - LOCAL SUBJECT ADDED ENTRY--TOPICAL TERM (OCLC, RLIN) | |
| Topical term or geographic name as entry element | MANAGEMENT-BUSINESS MANAGEMENT-FINANCIAL MANAGEMENT |
| 942 ## - ADDED ENTRY ELEMENTS (KOHA) | |
| Suppress in OPAC | 0 |
| Withdrawn status | Lost status | Source of classification or shelving scheme | Damaged status | Not for loan | Home library | Current library | Shelving location | Date acquired | Total Checkouts | Full call number | Barcode | Date last seen | Copy number | Price effective from | Koha item type |
|---|---|---|---|---|---|---|---|---|---|---|---|---|---|---|---|
| Dewey Decimal Classification | London | London | Journal article | 15/07/2003 | ABS66902 | 123012-1001 | 06/08/2019 | 1 | 06/08/2019 | Journal article |